MARC details
| 000 -CABECERA |
| campo de control de longitud fija |
02348nam a2200433Ia 4500 |
| 001 - NÚMERO DE CONTROL |
| campo de control |
dia_5768 |
| 003 - IDENTIFICADOR DEL NÚMERO DE CONTROL |
| campo de control |
CHAP |
| 005 - FECHA Y HORA DE LA ÚLTIMA TRANSACCIÓN |
| campo de control |
20240322132103.0 |
| 007 - CAMPO FIJO DE DESCRIPCIÓN FÍSICA--INFORMACIÓN GENERAL |
| campo de control de longitud fija |
ta |
| 008 - DATOS DE LONGITUD FIJA--INFORMACIÓN GENERAL |
| campo de control de longitud fija |
220117s2009 mx adeofr 001 0 spa d |
| 040 ## - FUENTE DE LA CATALOGACIÓN |
| Centro/agencia transcriptor |
CHAP |
| Centro catalogador/agencia de origen |
mxchpua |
| 090 ## - LOCALMENTE ASIGNADO TIPO-LC NÚMERO DE CLASIFICACIÓN (OCLC); NÚMERO DE CLASIFICACIÓN LOCAL (RLIN) |
| Número de clasificación (OCLC) (R) ; Numero de clasificación, CALL (RLIN) (NR) |
T.C.521 |
| Número cutter local (OCLC) ; Número de libro/Signatura topográfica íntegra, CALL (RLIN) |
P47 EIUPA |
| Año |
2009 |
| 245 10 - MENCIÓN DE TÍTULO |
| Título |
Fábrica de tequila Cascahuín, S. A. / |
| Mención de responsabilidad, etc. |
coordinador Juán Pérez Barrón ; colaboradores Lilia Ingrith Calderón López...[et al.] |
| 260 ## - PUBLICACIÓN, DISTRIBUCIÓN, ETC. |
| Lugar de publicación, distribución, etc. |
México : |
| Nombre del editor, distribuidor, etc. |
El autor, |
| Fecha de publicación, distribución, etc. |
2009 |
| 300 ## - DESCRIPCIÓN FÍSICA |
| Extensión |
77 hojas . |
| Otras características físicas |
ilustraciones, gráficas, diagramas, tablas, fotos, planos |
| 336 ## - TIPO DE CONTENIDO |
| Fuente |
rdacontent |
| Término de tipo de contenido |
texto |
| Código de tipo de contenido |
txt |
| 337 ## - TIPO DE MEDIO |
| Fuente |
rdamedia |
| Nombre/término del tipo de medio |
no mediado |
| Código del tipo de medio |
n |
| 338 ## - TIPO DE SOPORTE |
| Fuente |
rdacarrier |
| Nombre/término del tipo de soporte |
volumen |
| Código del tipo de soporte |
nc |
| 500 ## - NOTA GENERAL |
| Nota general |
7° año Grupo 4 --<br/>El CD contiene planos y reporte |
| 502 ## - NOTA DE TESIS |
| Nota de tesis |
Viaje de estudios |
| Tipo de título |
(EIUPA) -- |
| Nombre de la institución que otorga el título |
UACh. Departamento de Ingeniería Agroindustrial, |
| Año de obtención del título |
2009 |
| 504 ## - NOTA DE BIBLIOGRAFÍA, ETC. |
| Nota de bibliografía, etc. |
Bibliografía: hojas 57-58 |
| 505 ## - NOTA DE CONTENIDO CON FORMATO |
| Nota de contenido con formato |
4 planos --<br/>1. Plano de distribución de áreas (Esc. 1:200) -- <br/>2. Plano distribución de equipo (Esc. 1:200) -- <br/>3. Diagrama de flujo: elaboración de tequila blanco -- <br/>4. Diagrama de tubería e instrumentación --<br/>5. Diagrama de recorrido para tequila mixto |
| 650 13 - PUNTO DE ACCESO ADICIONAL DE MATERIA--TÉRMINO DE MATERIA |
| Término de materia o nombre geográfico como elemento de entrada |
Tequila |
| 9 (RLIN) |
112336 |
| 700 1# - PUNTO DE ACCESO ADICIONAL--NOMBRE DE PERSONA |
| Nombre de persona |
Pérez Barrón, Juan |
| 9 (RLIN) |
148338 |
| Término indicativo de función/relación |
coordinador |
| 700 1# - PUNTO DE ACCESO ADICIONAL--NOMBRE DE PERSONA |
| Nombre de persona |
Calderón López, Lilia Ingrith |
| 9 (RLIN) |
159352 |
| Término indicativo de función/relación |
colaboradora |
| 856 42 - LOCALIZACIÓN Y ACCESO ELECTRÓNICOS |
| Identificador Uniforme del Recurso |
<a href="http://10.13.5.2/ve/TC521EIUPA/TC521EIUPA2009-PLANO-DISTRIBUCIONDEAREAS.pdf">http://10.13.5.2/ve/TC521EIUPA/TC521EIUPA2009-PLANO-DISTRIBUCIONDEAREAS.pdf</a> |
| Texto de enlace |
DESCARGAR PLANO DE DISTRIBUCIÓN DE ÁREAS |
| 856 42 - LOCALIZACIÓN Y ACCESO ELECTRÓNICOS |
| Identificador Uniforme del Recurso |
<a href="http://10.13.5.2/ve/TC521EIUPA/TC521EIUPA2009-PLANO-DISTRIBUCIONDEEQUIPO.pdf">http://10.13.5.2/ve/TC521EIUPA/TC521EIUPA2009-PLANO-DISTRIBUCIONDEEQUIPO.pdf</a> |
| Texto de enlace |
DESCARGAR PLANO DISTRIBUCIÓN DE EQUIPO |
| 856 42 - LOCALIZACIÓN Y ACCESO ELECTRÓNICOS |
| Identificador Uniforme del Recurso |
<a href="http://10.13.5.2/ve/TC521EIUPA/TC521EIUPA2009-PLANO-DIAGRAMADEFLUJO.pdf">http://10.13.5.2/ve/TC521EIUPA/TC521EIUPA2009-PLANO-DIAGRAMADEFLUJO.pdf</a> |
| Texto de enlace |
DESCARGAR DIAGRAMA DE FLUJO: ELABORACIÓN DE TEQUILA BLANCO |
| 856 42 - LOCALIZACIÓN Y ACCESO ELECTRÓNICOS |
| Identificador Uniforme del Recurso |
<a href="http://10.13.5.2/ve/TC521EIUPA/TC521EIUPA2009-PLANO-DTI.pdf">http://10.13.5.2/ve/TC521EIUPA/TC521EIUPA2009-PLANO-DTI.pdf</a> |
| Texto de enlace |
DESCARGAR DIAGRAMA DE TUBERÍA E INSTRUMENTACIÓN |
| 856 42 - LOCALIZACIÓN Y ACCESO ELECTRÓNICOS |
| Identificador Uniforme del Recurso |
<a href="http://10.13.5.2/ve/TC521EIUPA/TC521EIUPA2009-PLANO-DIAGRAMADERECORRIDOPARATEQUILAMIXTO.pdf">http://10.13.5.2/ve/TC521EIUPA/TC521EIUPA2009-PLANO-DIAGRAMADERECORRIDOPARATEQUILAMIXTO.pdf</a> |
| Texto de enlace |
DESCARGAR DIAGRAMA DE RECORRIDO PARA TEQUILA MIXTO |
| 856 42 - LOCALIZACIÓN Y ACCESO ELECTRÓNICOS |
| Identificador Uniforme del Recurso |
<a href="http://10.13.5.2/ve/TC521EIUPA/TC521EIUPA2009-PLANO-REPORTE.pdf">http://10.13.5.2/ve/TC521EIUPA/TC521EIUPA2009-PLANO-REPORTE.pdf</a> |
| Texto de enlace |
DESCARGAR REPORTE |
| 942 ## - ELEMENTOS DE PUNTO DE ACCESO ADICIONAL (KOHA) |
| Fuente del sistema de clasificación o colocación |
Clasificación Universidad Autónoma de Chapingo |
| 901 ## - ELEMENTOS DE DATOS A LOCAL LDA (RLIN) |
| a |
T.C.521 P47 EIUPA 2009 |
| 902 ## - ELEMENTOS DE DATOS B LOCAL, LDB (RLIN) |
| a |
M |
| 905 ## - ELEMENTOS DE DATOS E LOCAL, LDE (RLIN) |
| a |
5232262009 mx deml8223123322spa16 |
| 942 ## - ELEMENTOS DE PUNTO DE ACCESO ADICIONAL (KOHA) |
| Tipo de ítem Koha |
Viaje de Estudios |